Statistics for Flags By Letter - I

Click here to take the quiz!

General Stats

  • This quiz has been taken 41 times
  • The average score is 10 of 12

Answer Stats

Answer% Correct
Iceland
100%
India
100%
Iraq
100%
Ireland
100%
Italy
100%
Iran
97%
Israel
97%
Indiana
86%
Isle of Man
73%
Illinois
70%
Iroquois Confederacy
16%
Inner Mongolia
14%

Score Distribution

Percentile by Number Answered

Percent of People with Each Score

Your Score History

You have not taken this quiz